Vista normal
Vista MARC
Entrada Nombre de reunión
Número de registros utilizados en: 1
001 - NÚMERO DE CONTROL
- campo de control: 36118
003 - IDENTIFICADOR DEL NÚMERO DE CONTROL
- campo de control: OSt
005 - FECHA Y HORA DE LA ÚLTIMA TRANSACCIÓN
- campo de control: 20200615033523.0
008 - DATOS DE LONGITUD FIJA
- campo de control de longitud fija: 200615|| aca||aabn | a|a d
040 ## - FUENTE DE LA CATALOGACIÓN
- Centro catalogador/agencia de origen: OSt
- Centro/agencia transcriptor: OSt
111 ## - ENCABEZAMIENTO--NOMBRE DE CONGRESO/REUNIÓN
- Nombre de congreso/reunión o jurisdicción como elemento de entrada: Conferencia internacional americana de la Secretaría de Estado de Relaciones Exteriores de la República
- Fecha del congreso/reunión: (1923 :
- Sede del congreso/Lugar de la reunión: Chile
- Número del congreso/reunión o número de parte o sección: 5: 25 de marzo )
670 ## - FUENTE DE DATOS ENCONTRADOS
- Cita de la fuente: Work cat.: (OSt)15664: Conferencia internacional americana de la Secretaría de Estado de Relaciones Exteriores de la República (1923 : Chile 5: 25 de marzo ), Memoria., 1924.
